| Tag |
First Indicator |
Second Indicator |
Subfields |
| LEADER |
00000cam a2200000 i 4500 |
| 001 |
in00000018476 |
| 005 |
20151007053243.0 |
| 008 |
780510s1898 enk bd 00010 eng d |
| 035 |
|
|
|a (OCoLC)03883637
|
| 035 |
|
|
|9 AAB0976AM
|
| 040 |
|
|
|a TSW
|c TSW
|d m.c.
|d TXA
|d UtOrBLW
|
| 049 |
|
|
|a TXAM
|c [A11050950]
|
| 050 |
|
4 |
|a PJ5205
|b .C6 1898
|
| 100 |
1 |
|
|a Cook, Stanley Arthur,
|d 1873-1949.
|
| 245 |
1 |
2 |
|a A glossary of the Aramaic inscriptions /
|c by Stanley A. Cook.
|
| 264 |
|
1 |
|a Cambridge :
|b The University Press,
|c 1898.
|
| 300 |
|
|
|a viii, 127 pages ;
|c 23 cm.
|
| 336 |
|
|
|a text
|b txt
|2 rdacontent
|
| 337 |
|
|
|a unmediated
|b n
|2 rdamedia
|
| 338 |
|
|
|a volume
|b nc
|2 rdacarrier
|
| 504 |
|
|
|a Includes bibliographical references.
|
| 650 |
|
0 |
|a Aramaic language
|x Glossaries, vocabularies, etc.
|
| 650 |
|
0 |
|a Inscriptions, Aramaic.
|
| 999 |
|
|
|a MARS
|
| 999 |
f |
f |
|s 28ea123d-fa62-3a07-a203-2e14589a35b7
|i 969f260c-db01-30fd-a682-a776d8f34a2c
|t 0
|
| 952 |
f |
f |
|p ric
|a Texas A&M University
|b Rellis Campus
|c Joint Library Facility
|s JLF
|d Remote Storage
|t 0
|e PJ5205 .C6 1898
|h Library of Congress classification
|i unmediated -- volume
|m A14811050950
|
| 998 |
f |
f |
|a PJ5205 .C6 1898
|t 0
|l Remote Storage
|